<?xml version="1.0" encoding="UTF-8"?>
<record
    xmlns:xsi="http://www.w3.org/2001/XMLSchema-instance"
    xsi:schemaLocation="http://www.loc.gov/MARC21/slim http://www.loc.gov/standards/marcxml/schema/MARC21slim.xsd"
    xmlns="http://www.loc.gov/MARC21/slim">

  <leader>00831nam a2200229Ia 4500</leader>
  <controlfield tag="001">IA_5341,18/02/2014,18/02/2014,5232272013                          mx amnl8222223322spa16,"</controlfield>
  <controlfield tag="002">2013   Direcci&#xF3;n: J. Joel E. Corrales Garc&#xED;a   Asesor&#xED;a: Ma. Teresa Beryl Colinas de Le&#xF3;n y Ma. Carmen Ybarra Moncada   Disponible en CD.</controlfield>
  <controlfield tag="008">220117s    xx            000 0 und d</controlfield>
  <datafield tag="010" ind1=" " ind2=" ">
    <subfield code="a">184990</subfield>
  </datafield>
  <datafield tag="090" ind1=" " ind2=" ">
    <subfield code="a">Tesis Q57 2013</subfield>
  </datafield>
  <datafield tag="100" ind1=" " ind2=" ">
    <subfield code="a">Quiroz Gonz&#xE1;lez</subfield>
    <subfield code="9">158358</subfield>
  </datafield>
  <datafield tag="530" ind1=" " ind2=" ">
    <subfield code="a">Disponible en PDF</subfield>
  </datafield>
  <datafield tag="650" ind1=" " ind2=" ">
    <subfield code="a">Cold injury  </subfield>
    <subfield code="9">148888</subfield>
  </datafield>
  <datafield tag="650" ind1=" " ind2=" ">
    <subfield code="a">Lesi&#xF3;n por frio  </subfield>
    <subfield code="9">148889</subfield>
  </datafield>
  <datafield tag="650" ind1=" " ind2=" ">
    <subfield code="a">Refrigeraci&#xF3;n  </subfield>
    <subfield code="9">95611</subfield>
  </datafield>
  <datafield tag="650" ind1=" " ind2=" ">
    <subfield code="a">Refrigeration</subfield>
    <subfield code="9">146930</subfield>
  </datafield>
  <datafield tag="650" ind1=" " ind2=" ">
    <subfield code="a">Stenocereus  </subfield>
    <subfield code="9">109642</subfield>
  </datafield>
  <datafield tag="700" ind1=" " ind2=" ">
    <subfield code="a">Corrales Garc&#xED;a</subfield>
    <subfield code="9">155777</subfield>
  </datafield>
  <datafield tag="901" ind1=" " ind2=" ">
    <subfield code="a">asesor</subfield>
  </datafield>
  <datafield tag="942" ind1=" " ind2=" ">
    <subfield code="c">dir. \ Beryl Colinas de Le&#xF3;n</subfield>
  </datafield>
  <datafield tag="999" ind1=" " ind2=" ">
    <subfield code="c">184990</subfield>
    <subfield code="d">184990</subfield>
  </datafield>
</record>
